Dispute resolution (Record no. 77555)

MARC details
000 -LEADER
fixed length control field 00878cab a2200181 4500
001 - CONTROL NUMBER
control field ##L134538
008 - FIXED-LENGTH DATA ELEMENTS--GENERAL INFORMATION
fixed length control field 060815n2006 000 0 eng u
035 ## - SYSTEM CONTROL NUMBER
System control number (Sirsi) u134538
041 0# - LANGUAGE CODE
Language code of text/sound track or separate title eng
100 1# - MAIN ENTRY--PERSONAL NAME
Personal name Pearson, David
245 00 - TITLE STATEMENT
Title Dispute resolution
Remainder of title controlling the cost
260 ## - PUBLICATION, DISTRIBUTION, ETC.
Date of publication, distribution, etc. 2006
490 #0 - SERIES STATEMENT
Series statement Facilities Management
Volume/sequential designation 13(11) August 2006, 22-23(2)
520 ## - SUMMARY, ETC.
Summary, etc. Looks at alternatives to litigation for resolving disputes, which can save time and money, lead to creative problem-solving and prevent bad publicity. Provides a model dispute resolution clause for inclusion in contracts, mentions arbitration and conciliation, and discusses the characteristics and benefits of mediation.
590 ## - LOCAL NOTE (RLIN)
Local note IKA220806
690 ## - LOCAL SUBJECT ADDED ENTRY--TOPICAL TERM (OCLC, RLIN)
Topical term or geographic name as entry element MANAGEMENT-DISPUTE AVOIDANCE, MANAGEMENT AND RESOLUTION-DISPUTE MANAGEMENT AND RESOLUTION-ALTERNATIVE DISPUTE RESOLUTION
942 ## - ADDED ENTRY ELEMENTS (KOHA)
Suppress in OPAC 0
Holdings
Withdrawn status Lost status Source of classification or shelving scheme Damaged status Not for loan Home library Current library Shelving location Date acquired Total Checkouts Full call number Barcode Date last seen Copy number Price effective from Koha item type
    Dewey Decimal Classification     London London Journal article 15/08/2006   L134538 134538-1001 06/08/2019 1 06/08/2019 Journal article